[Event "World Blitz Women 2017"]
[Site "Riyadh KSA"]
[Date "2017.12.29"]
[Round "9.48"]
[White "Assaubayeva, Bibisara"]
[Black "Mamedjarova, Zeinab"]
[Result "0-1"]
[WhiteTitle "FM"]
[BlackTitle "WGM"]
[WhiteElo "2381"]
[BlackElo "2363"]
[WhiteFideId "13708694"]
[BlackFideId "13401521"]
[EventDate "2017.12.29"]

1. d4 d5 2. c4 e6 3. Nf3 dxc4 4. e3 Nf6 5. Bxc4 a6 6. O-O b5 7. Bd3 c5 8. b3 Bb7
9. Bb2 Nbd7 10. Nbd2 Be7 11. Qe2 O-O 12. Rac1 Qa5 13. dxc5 Nxc5 14. Bb1 Rac8 15.
a3 Qb6 16. Bd4 Qd6 17. Rfd1 Nce4 18. Nxe4 Nxe4 19. Rxc8 Rxc8 20. b4 Rd8 21. Bc2
Qc7 22. h3 Nf6 23. e4 Nh5 24. Be5 Qc8 25. Rxd8+ Qxd8 26. Qd2 Nf6 27. Qxd8+ Bxd8
28. Nd2 Nd7 29. Bd4 Bg5 30. Nb3 Bf6 31. Bxf6 gxf6 32. f4 Kf8 33. Kf2 Ke7 34. Ke3
Nb6 35. Bd3 Bc8 36. Nc5 f5 37. exf5 Nd5+ 38. Kd4 Nxf4 39. Be4 exf5 40. Bf3 Kd6
41. Ke3 Ne6 42. Nd3 Bd7 43. Bb7 Bc6 44. Bxc6 Kxc6 45. Ne5+ Kd5 46. Nxf7 Kc4 47.
Nd6+ Kb3 48. Nxf5 Kxa3 49. Nd4 Nxd4 50. Kxd4 Kxb4 51. g4 a5 52. g5 a4 53. h4 a3
54. h5 a2 55. g6 hxg6 56. hxg6 a1=Q+ 57. Kd5 Qg7 0-1

[Event "World Blitz Women 2017"]
[Site "Riyadh KSA"]
[Date "2017.12.29"]
[Round "10.1"]
[White "Cramling, Pia"]
[Black "Bodnaruk, Anastasia"]
[Result "1-0"]
[WhiteTitle "GM"]
[BlackTitle "IM"]
[WhiteElo "2450"]
[BlackElo "2428"]
[WhiteFideId "1700030"]
[BlackFideId "4181751"]
[EventDate "2017.12.29"]

1. Nf3 Nf6 2. c4 g6 3. Nc3 Bg7 4. e4 d6 5. d4 O-O 6. Be2 e5 7. d5 a5 8. h3 Na6
9. Bg5 Qe8 10. g4 Nd7 11. Rg1 Ndc5 12. h4 a4 13. h5 Bd7 14. Nd2 Nb4 15. Nf1 c6
16. Qd2 cxd5 17. cxd5 b5 18. Ng3 f6 19. Be3 Nba6 20. hxg6 hxg6 21. Bh6 Rf7 22.
Rh1 Bh8 23. Be3 b4 24. Nd1 Nc7 25. Bxc5 dxc5 26. Ne3 Nb5 27. Nc4 Rb8 28. Qh6 Bg7
29. Qxg6 b3 30. a3 Qe7 31. Nf5 Bxf5 32. gxf5 Nd4 33. Rc1 Nxe2 34. Kxe2 Qa7 35.
Rc3 Kf8 36. Rch3 Ke7 37. d6+ Kd8 38. Rh8+ Bf8 39. Rg8 Ke8 40. Rhh8 Qa6 41. Rxf8+ 1-0

[Event "World Blitz Women 2017"]
[Site "Riyadh KSA"]
[Date "2017.12.29"]
[Round "10.2"]
[White "Gunina, Valentina"]
[Black "Ju, Wenjun"]
[Result "1-0"]
[WhiteTitle "GM"]
[BlackTitle "GM"]
[WhiteElo "2510"]
[BlackElo "2567"]
[WhiteFideId "4167570"]
[BlackFideId "8603006"]
[EventDate "2017.12.29"]

1. e4 e6 2. d4 d5 3. Nc3 Nf6 4. Bg5 dxe4 5. Nxe4 Be7 6. Nxf6+ Bxf6 7. Bxf6 Qxf6
8. Nf3 O-O 9. Bd3 c5 10. Qe2 cxd4 11. Qe4 g6 12. Nxd4 e5 13. Nf3 Nc6 14. O-O Bf5
15. Qe3 e4 16. Bxe4 Bxe4 17. Qxe4 Qxb2 18. Rab1 Qxa2 19. Rxb7 Rac8 20. Ng5 Qa5
21. Qh4 h5 22. Ne4 Qe5 23. Nf6+ Kg7 24. Nd7 Qd5 25. Qf6+ Kg8 26. Nxf8 Rxf8 27.
Rc7 Nd4 28. h3 Re8 29. c4 Qe4 30. Qxf7+ 1-0

[Event "World Blitz Women 2017"]
[Site "Riyadh KSA"]
[Date "2017.12.29"]
[Round "10.3"]
[White "Dzagnidze, Nana"]
[Black "Lei, Tingjie"]
[Result "1-0"]
[WhiteTitle "GM"]
[BlackTitle "GM"]
[WhiteElo "2522"]
[BlackElo "2528"]
[WhiteFideId "13601903"]
[BlackFideId "8605114"]
[EventDate "2017.12.29"]

1. Nf3 d5 2. b3 Nf6 3. Bb2 Nbd7 4. e3 e6 5. d4 Bd6 6. Bd3 O-O 7. O-O c5 8. Nbd2
b6 9. Ne5 Bb7 10. f4 cxd4 11. exd4 Ne4 12. Qe2 f5 13. Nxe4 fxe4 14. Bb5 Nxe5 15.
fxe5 Bc7 16. Ba3 Rf5 17. Qg4 Qg5 18. Qxg5 Rxg5 19. Bd7 Rg6 20. Be7 Ba6 21. Rf4
h6 22. Re1 Kh7 23. Re3 Bc8 24. Be8 Rg5 25. Bxg5 hxg5 26. Rf8 g6 27. Rh3+ Kg7 28.
Rfh8 1-0

[Event "World Blitz Women 2017"]
[Site "Riyadh KSA"]
[Date "2017.12.29"]
[Round "10.4"]
[White "Lagno, Kateryna"]
[Black "Tan, Zhongyi"]
[Result "1-0"]
[WhiteTitle "GM"]
[BlackTitle "GM"]
[WhiteElo "2547"]
[BlackElo "2517"]
[WhiteFideId "14109336"]
[BlackFideId "8603642"]
[EventDate "2017.12.29"]

1. e4 d6 2. d4 g6 3. Nc3 Bg7 4. Be3 c6 5. Qd2 b5 6. Nf3 Nd7 7. Bd3 Ngf6 8. Bh6
O-O 9. O-O-O b4 10. Ne2 Qa5 11. Kb1 e5 12. Ng3 exd4 13. Nxd4 Ne5 14. h4 Nxd3 15.
cxd3 c5 16. Ndf5 Be6 17. b3 Ne8 18. Nxg7 Nxg7 19. h5 c4 20. hxg6 hxg6 21. dxc4
Rfc8 22. Qxd6 Ne8 23. Qf8+ 1-0

[Event "World Blitz Women 2017"]
[Site "Riyadh KSA"]
[Date "2017.12.29"]
[Round "10.6"]
[White "Paehtz, Elisabeth"]
[Black "Kulon, Klaudia"]
[Result "1/2-1/2"]
[WhiteTitle "IM"]
[BlackTitle "WGM"]
[WhiteElo "2464"]
[BlackElo "2370"]
[WhiteFideId "4641833"]
[BlackFideId "1131044"]
[EventDate "2017.12.29"]

1. e4 e5 2. Nf3 Nc6 3. Nc3 Nf6 4. Be2 g6 5. d4 exd4 6. Nxd4 Bg7 7. Bg5 h6 8. Bh4
d6 9. Nxc6 bxc6 10. e5 dxe5 11. Qxd8+ Kxd8 12. O-O-O+ Ke7 13. Bf3 Be6 14. Bxc6
Rad8 15. f3 Rd6 16. Ba4 a6 17. Bf2 Nd7 18. Ne4 Rxd1+ 19. Rxd1 f5 20. Nc5 Nxc5
21. Bxc5+ Kf6 22. Bb4 e4 23. fxe4 fxe4 24. Rf1+ Kg5 25. Bd2+ Kh5 26. Bc6 Be5 27.
Bxe4 g5 28. h3 Rb8 29. b3 Rd8 30. Be1 g4 31. hxg4+ Bxg4 32. Rh1+ Kg5 33. Bd2+
Bf4 34. Bxf4+ Kxf4 35. Bb7 h5 36. Bxa6 Ra8 37. Bb7 Rxa2 38. Kb1 Ra5 39. Rf1+ Kg3
40. Rf7 Rc5 41. Kb2 Be6 42. Rg7+ Bg4 43. c4 c6 44. Bc8 Re5 45. Bxg4 hxg4 46. Ka3
c5 47. Ka4 Re4 48. Rg5 Kxg2 49. Rxc5 Kf3 50. Rg5 g3 51. Kb5 Rg4 52. Rf5+ Ke4 53.
Rf1 g2 54. Rg1 Rg5+ 55. c5 Kd4 56. b4 Kc3 57. Rc1+ Kb3 58. Rb1+ Kc3 1/2-1/2

[Event "World Blitz Women 2017"]
[Site "Riyadh KSA"]
[Date "2017.12.29"]
[Round "10.7"]
[White "Charochkina, Daria"]
[Black "Goryachkina, Aleksandra"]
[Result "1-0"]
[WhiteTitle "IM"]
[BlackTitle "WGM"]
[WhiteElo "2317"]
[BlackElo "2486"]
[WhiteFideId "4180917"]
[BlackFideId "4147103"]
[EventDate "2017.12.29"]

1. d4 d5 2. c4 Nc6 3. e3 e6 4. Nf3 Nf6 5. Bd3 Be7 6. O-O O-O 7. b3 Nb4 8. Be2 a5
9. a3 Na6 10. Nc3 c5 11. Bb2 b6 12. Ne5 Bb7 13. Bf3 cxd4 14. exd4 Rb8 15. Qe2
Nc7 16. Rfd1 Bd6 17. Na4 Bxe5 18. dxe5 Nd7 19. Rac1 Ba8 20. Qe3 b5 21. cxb5 Nxb5
22. Nc5 Nxc5 23. Qxc5 Qb6 24. a4 Na7 25. Bd4 Qxc5 26. Bxc5 Nc6 27. Bxf8 Kxf8 28.
Be2 Nxe5 29. Bb5 Rd8 30. Rc7 d4 31. f3 Ng6 32. Kf2 e5 33. Ra7 Bd5 34. Bc4 Bxc4
35. bxc4 Rb8 36. Rd2 Rb4 37. Rxa5 Rxc4 38. Ra8+ Ke7 39. a5 Ra4 40. a6 Nf4 41. a7
f5 42. g3 Nd5 43. Rb2 e4 44. Rb7+ Kf6 45. Rf8+ Kg6 46. a8=Q Rxa8 47. Rxa8 e3+
48. Ke2 Nc3+ 49. Kd3 e2 50. Re8 1-0

[Event "World Blitz Women 2017"]
[Site "Riyadh KSA"]
[Date "2017.12.29"]
[Round "10.8"]
[White "Belenkaya, Dina"]
[Black "Gaponenko, Inna"]
[Result "0-1"]
[WhiteTitle "WGM"]
[BlackTitle "IM"]
[WhiteElo "2303"]
[BlackElo "2435"]
[WhiteFideId "24142654"]
[BlackFideId "14101181"]
[EventDate "2017.12.29"]

1. e4 d6 2. d4 Nf6 3. Nc3 g6 4. Nf3 Bg7 5. Be2 O-O 6. O-O Bg4 7. h3 Bxf3 8. Bxf3
Nc6 9. Be3 Re8 10. Qd2 e5 11. d5 Nd4 12. Bd1 c6 13. Bg5 Qb6 14. Rb1 Rac8 15. Re1
Nb5 16. Nxb5 Qxb5 17. dxc6 Qxc6 18. Qd3 d5 19. exd5 Qxd5 20. Qxd5 Nxd5 21. Bf3
Nb4 22. c3 Nd3 23. Red1 Nc5 24. Be3 e4 25. Be2 b6 26. Rd5 Red8 27. Rbd1 Rxd5 28.
Rxd5 Bf8 29. b3 Ne6 30. c4 Rd8 31. Rxd8 Nxd8 32. f3 exf3 33. Bxf3 Ne6 34. Kf2
Bc5 35. Bxc5 Nxc5 36. Ke3 Kf8 37. Kd4 Ke7 38. b4 Ne6+ 39. Kd5 Kd7 40. c5 bxc5
41. bxc5 Nc7+ 42. Ke5 Ke7 43. a4 a5 44. Bb7 f6+ 45. Kd4 Kd7 46. Kc4 h5 47. h4 g5
48. Bf3 gxh4 49. Bxh5 f5 50. Bg6 f4 51. Bf5+ Kc6 52. Kd4 Na6 53. Be4+ Kc7 54.
Kc4 Nb4 55. Kb5 Na2 56. Kxa5 Nc3 57. Bf3 Nb1 58. Kb5 Nd2 59. Bd5 f3 60. gxf3 h3
61. f4 Nf1 62. f5 Ne3 63. Be4 Ng4 64. a5 Nf6 65. Bf3 h2 66. a6 Kb8 67. Kc6 Ka7
68. Kd6 Kxa6 69. c6 Kb6 70. Ke6 Ne8 71. Kd7 Nf6+ 0-1

[Event "World Blitz Women 2017"]
[Site "Riyadh KSA"]
[Date "2017.12.29"]
[Round "10.9"]
[White "Abdumalik, Zhansaya"]
[Black "Vo, Thi Kim Phung"]
[Result "1/2-1/2"]
[WhiteTitle "IM"]
[BlackTitle "WGM"]
[WhiteElo "2449"]
[BlackElo "2380"]
[WhiteFideId "13703544"]
[BlackFideId "12401838"]
[EventDate "2017.12.29"]

1. e4 e6 2. d4 d5 3. Nc3 Nf6 4. e5 Nfd7 5. f4 c5 6. Nf3 Nc6 7. Be3 b6 8. Qd2 Be7
9. Be2 Bb7 10. O-O O-O 11. Nd1 cxd4 12. Nxd4 Nc5 13. Nf2 Ne4 14. Nxe4 dxe4 15.
Rad1 Nxd4 16. Bxd4 Qc7 17. c3 Rad8 18. Qe3 g6 19. Rd2 Qc6 20. Bd1 Rd7 21. Bb3
Rfd8 22. Rfd1 Bc5 23. Bxc5 Rxd2 24. Rxd2 Rxd2 25. Qxd2 Qxc5+ 26. Qd4 Qc6 27. Qe3
Qd7 28. Kf2 Bd5 29. Qd4 Qc6 30. Ke3 Bxb3 31. axb3 Qb5 32. Qc4 Qd7 33. Qxe4 Qd1
34. b4 Qe1+ 35. Kf3 Qf1+ 36. Kg3 Qc1 37. Qe2 h5 38. Kf3 Kg7 39. b5 Qb1 40. b4
Qc1 41. Qd3 Qh1 42. c4 Qxh2 43. c5 h4 44. Qe3 Qg3+ 45. Ke4 Qxg2+ 46. Qf3 Qc2+
47. Qd3 Qg2+ 48. Qf3 Qc2+ 49. Kd4 Qd2+ 50. Kc4 Qc2+ 51. Qc3 Qe2+ 52. Kb3 bxc5
53. Qxc5 Qd3+ 54. Ka4 Qd1+ 55. Ka3 Qd3+ 56. Ka4 Qd1+ 57. Ka3 Qd3+ 1/2-1/2

[Event "World Blitz Women 2017"]
[Site "Riyadh KSA"]
[Date "2017.12.29"]
[Round "10.10"]
[White "Buksa, Nataliya"]
[Black "Voit, Daria"]
[Result "1-0"]
[WhiteTitle "WGM"]
[BlackTitle "FM"]
[WhiteElo "2385"]
[BlackElo "2390"]
[WhiteFideId "14123622"]
[BlackFideId "4182146"]
[EventDate "2017.12.29"]

1. d4 Nf6 2. Nc3 d5 3. Bf4 e6 4. e3 Bb4 5. Bd3 c5 6. dxc5 Bxc3+ 7. bxc3 Qa5 8.
Bd6 Qxc3+ 9. Kf1 Nbd7 10. Bb5 a6 11. Ne2 Qa5 12. Bxd7+ Bxd7 13. Qd4 Bb5 14. f3
Qa4 15. Qxa4 Bxa4 16. c4 dxc4 17. Rc1 Nd5 18. Kf2 Bb5 19. a3 Kd7 20. Rhd1 Rad8
21. e4 Nf6 22. Bf8+ Kc6 23. Rxd8 Nd7 24. Be7 Rxd8 25. Bxd8 Nxc5 26. Nd4+ Kd7 27.
Rd1 Nd3+ 28. Rxd3 cxd3 29. Ba5 Bc4 30. Ke3 Kd6 31. Bb4+ Kc7 32. f4 b6 33. Nf3
Kc6 34. Ne5+ Kb5 35. Nxf7 a5 36. Bf8 Ka4 37. Ne5 b5 38. Nxd3 Kb3 39. e5 g6 40.
g4 Bd5 41. Kd4 Bc4 42. h4 h5 43. gxh5 gxh5 44. Nc5+ Kxa3 45. Nxe6+ Kb2 46. Nc5
Bg8 47. f5 a4 48. Nd3+ Kb3 49. e6 a3 50. Bxa3 Kxa3 51. Kc5 Kb3 52. Nb4 Kc3 53.
Nc6 Kd3 54. e7 Bf7 55. Ne5+ 1-0

[Event "World Blitz Women 2017"]
[Site "Riyadh KSA"]
[Date "2017.12.29"]
[Round "10.11"]
[White "Mammadzada, Gunay"]
[Black "Khotenashvili, Bela"]
[Result "1-0"]
[WhiteTitle "WGM"]
[BlackTitle "GM"]
[WhiteElo "2333"]
[BlackElo "2476"]
[WhiteFideId "13403729"]
[BlackFideId "13602640"]
[EventDate "2017.12.29"]

1. e4 c6 2. d4 d5 3. Nc3 g6 4. h3 Bg7 5. Nf3 Nh6 6. Bd3 O-O 7. O-O f6 8. Ne2 Nf7
9. c4 e6 10. Nc3 dxc4 11. Bxc4 b5 12. Bb3 a5 13. a4 b4 14. Ne2 Na6 15. Be3 Nc7
16. Qc2 Bd7 17. Rfd1 Kh8 18. Rac1 f5 19. Nf4 fxe4 20. Qxe4 Nd6 21. Qd3 Nd5 22.
Bxd5 exd5 23. Ne5 Rc8 24. b3 Ne4 25. f3 Nd6 26. Ne2 Nf5 27. Bf2 Nd6 28. Qa6 Ra8
29. Qd3 Rc8 30. Qa6 Ra8 31. Qd3 Qe8 32. Rc5 Bf5 33. Qd2 Ra6 34. Rdc1 Bxe5 35.
dxe5 Nb7 36. g4 Nxc5 37. Bxc5 Bd7 38. Bxf8 Qxf8 39. f4 Ra8 40. Qd4 Kg8 41. Qc5
Qf7 42. Rf1 Qe6 43. Nd4 Qe8 44. e6 Bc8 45. f5 Qf8 46. Qxc6 Ba6 47. Rf2 Bd3 48.
Qxd5 Rd8 49. Qe5 gxf5 50. e7 Qe8 51. exd8=Q Qxd8 52. Qe6+ Kh8 53. Nxf5 Qc7 54.
Qf6+ Kg8 55. Nh6# 1-0

[Event "World Blitz Women 2017"]
[Site "Riyadh KSA"]
[Date "2017.12.29"]
[Round "10.12"]
[White "Batsiashvili, Nino"]
[Black "Michna, Marta"]
[Result "0-1"]
[WhiteTitle "IM"]
[BlackTitle "WGM"]
[WhiteElo "2502"]
[BlackElo "2377"]
[WhiteFideId "13602993"]
[BlackFideId "1106686"]
[EventDate "2017.12.29"]

1. d4 d6 2. Nf3 g6 3. g3 Bg7 4. Bg2 Nd7 5. O-O e5 6. e4 Ne7 7. Nc3 O-O 8. Be3
exd4 9. Nxd4 Ne5 10. h3 Nc4 11. Bc1 Nc6 12. Nde2 a5 13. b3 Nb6 14. a4 Nb4 15.
Be3 Nd7 16. Bd4 Bxd4 17. Nxd4 Nc5 18. Nce2 Re8 19. c3 Nc6 20. Nxc6 bxc6 21. Qc2
Ba6 22. Rfe1 Bxe2 23. Rxe2 Rb8 24. Rb1 Qf6 25. b4 axb4 26. cxb4 Ne6 27. Rd2 c5
28. bxc5 Nxc5 29. Rxb8 Rxb8 30. Kh2 Qa1 31. Qc4 Qxa4 32. Qd5 Qb3 33. e5 Qxd5 34.
Rxd5 Rd8 35. f4 Kf8 36. exd6 cxd6 37. h4 Ke7 38. h5 Rb8 39. hxg6 hxg6 40. Rd2
Ne6 41. Bf3 Rb3 42. Kg2 Ra3 43. Re2 Kf6 44. Rd2 Ra6 45. Bd5 Nc5 46. Bf3 Rb6 47.
Bd5 Ne6 48. Ra2 Nc7 49. Bf3 Ne6 50. Rd2 Ke7 51. Ra2 Kf6 52. Rd2 Nc5 53. Bd5 Rb4
54. Bf3 Rb6 55. Bd5 Ne6 56. Ra2 Rb5 57. Rd2 Rc5 58. Bf3 Ke7 59. Ra2 Rc7 60. Rd2
Nc5 61. Re2+ Kf6 62. Rd2 Ke7 63. Re2+ Ne6 64. Rd2 Ra7 65. Bd5 Ra5 66. Bf3 Ra7
67. Bd5 Ng7 68. Re2+ Kf8 69. Rd2 Nf5 70. Be4 Ke7 71. Re2 Kf8 72. Rd2 Ke7 73. Re2
Nd4 74. Rd2 Ne6 75. Bd5 Ra4 76. Bf3 Rd4 77. Ra2 Kf6 78. Kf2 Rb4 79. Rd2 Rb6 80.
Kg2 Nc5 81. Bd5 Ne6 82. Bf3 Ke7 83. Ra2 Rb4 84. Rd2 Rd4 85. Ra2 d5 86. Ra7+ Kf6
87. Rd7 Rd2+ 88. Kf1 d4 89. Ke1 Rd3 90. Ke2 Re3+ 91. Kf2 Ra3 92. Bg4 Ra2+ 93.
Kf3 Rd2 94. Bh3 Nc5 95. Rd5 Ne6 96. Rd7 Rd3+ 97. Kf2 Nc5 98. Rd5 Ne4+ 99. Ke2
Rxg3 100. Bf1 Nc3+ 0-1

[Event "World Blitz Women 2017"]
[Site "Riyadh KSA"]
[Date "2017.12.29"]
[Round "10.13"]
[White "Gevorgyan, Maria"]
[Black "Nechaeva, Marina"]
[Result "0-1"]
[WhiteTitle "WIM"]
[BlackTitle "IM"]
[WhiteElo "2275"]
[BlackElo "2424"]
[WhiteFideId "13300270"]
[BlackFideId "4149351"]
[EventDate "2017.12.29"]

1. e4 c6 2. d4 d5 3. Nc3 dxe4 4. Nxe4 Bf5 5. Ng3 Bg6 6. Bc4 e6 7. h4 h6 8. N1e2
Nf6 9. Nf4 Bh7 10. c3 Nd5 11. Qe2 Bd6 12. Nxd5 cxd5 13. Bxd5 Nc6 14. Bb3 O-O 15.
Be3 e5 16. d5 Na5 17. Bc2 b5 18. Bxh7+ Kxh7 19. Qxb5 f5 20. Qd3 e4 21. Qc2 Nc4
22. Ne2 Rb8 23. b3 Nxe3 24. fxe3 Bc5 25. Qd2 Kh8 26. Nf4 Rf6 27. Ne6 Qb6 28.
Nxc5 Qxc5 29. Rd1 Qd6 30. Qf2 f4 31. exf4 Rxf4 32. Qxa7 Rbf8 33. Qe3 Rg4 34. Rd2
Rg3 35. Qxe4 Rf4 36. Qe8+ Kh7 37. Kd1 Rxc3 38. h5 Qc5 39. Qg6+ Kh8 40. Qb1 Rf6
41. Re1 Qc8 42. d6 Qg4+ 43. Rde2 Rxd6+ 0-1

[Event "World Blitz Women 2017"]
[Site "Riyadh KSA"]
[Date "2017.12.29"]
[Round "10.15"]
[White "Krush, Irina"]
[Black "Guo, Qi"]
[Result "1-0"]
[WhiteTitle "GM"]
[BlackTitle "IM"]
[WhiteElo "2431"]
[BlackElo "2396"]
[WhiteFideId "2012782"]
[BlackFideId "8604002"]
[EventDate "2017.12.29"]

1. c4 e6 2. Nc3 d5 3. d4 Be7 4. cxd5 exd5 5. Bf4 c6 6. Qc2 Bd6 7. Bxd6 Qxd6 8.
e3 Ne7 9. Bd3 Bg4 10. Nge2 Bxe2 11. Qxe2 Nd7 12. O-O Nf6 13. Rab1 a5 14. h3 O-O
15. Qc2 Rfe8 16. a3 h6 17. Na4 Nd7 18. Rfc1 Reb8 19. b4 axb4 20. axb4 b5 21. Nc5
Nxc5 22. Qxc5 Qxc5 23. Rxc5 Ra3 24. Bc2 f5 25. g4 g6 26. gxf5 gxf5 27. Kg2 Kf7
28. Kf3 Rba8 29. Kf4 Kf6 30. Bxf5 Nxf5 31. Rxc6+ Ke7 32. Kxf5 Rf8+ 33. Ke5 Rxf2
34. Kxd5 Rxe3 35. Rxh6 Rf5+ 36. Kc6 Rc3+ 37. Kb6 Rc4 38. Ra1 Rc8 39. Ra7+ Ke8
40. Rh8+ Rf8 41. Rxf8+ Kxf8 42. Kxb5 Ke8 1-0

[Event "World Blitz Women 2017"]
[Site "Riyadh KSA"]
[Date "2017.12.29"]
[Round "10.16"]
[White "Zhu, Chen"]
[Black "Skripchenko, Almira"]
[Result "0-1"]
[WhiteTitle "GM"]
[BlackTitle "IM"]
[WhiteElo "2423"]
[BlackElo "2403"]
[WhiteFideId "8600546"]
[BlackFideId "13900145"]
[EventDate "2017.12.29"]

1. e4 d6 2. d4 Nf6 3. Bd3 e5 4. c3 Be7 5. Nf3 Nbd7 6. O-O O-O 7. Re1 b6 8. a4 a6
9. Nbd2 Bb7 10. Nf1 Re8 11. Ng3 g6 12. Bc4 Bf8 13. dxe5 Nxe5 14. Nxe5 dxe5 15.
Qb3 Qe7 16. Bg5 Bg7 17. Rad1 h6 18. Be3 Ng4 19. Bc1 Rf8 20. h3 Nf6 21. f3 Nd7
22. Be3 Rad8 23. Qc2 Nc5 24. b4 Ne6 25. Ne2 Kh7 26. Qb3 Bc8 27. Bd5 Bf6 28. Rf1
Bg5 29. Bf2 Nf4 30. Nxf4 Bxf4 31. a5 Qg5 32. Kh1 Qh5 33. Kg1 Bxh3 34. Rfe1 Qg5
35. g4 h5 36. Bxf7 0-1

[Event "World Blitz Women 2017"]
[Site "Riyadh KSA"]
[Date "2017.12.29"]
[Round "10.17"]
[White "Cori T., Deysi"]
[Black "Socko, Monika"]
[Result "0-1"]
[WhiteTitle "WGM"]
[BlackTitle "GM"]
[WhiteElo "2389"]
[BlackElo "2471"]
[WhiteFideId "3801934"]
[BlackFideId "1106619"]
[EventDate "2017.12.29"]

1. d4 Nf6 2. Nf3 e6 3. e3 Be7 4. Bd3 c5 5. c4 b6 6. Nc3 Bb7 7. O-O O-O 8. d5
exd5 9. cxd5 d6 10. e4 a6 11. a4 Nbd7 12. h3 Re8 13. Re1 Bf8 14. b3 g6 15. Qc2
Bg7 16. Bf4 Ne5 17. Nxe5 dxe5 18. Be3 Qd6 19. Nb1 Nd7 20. Nd2 Qf8 21. b4 Rac8
22. b5 a5 23. Nc4 Rcd8 24. Rad1 f6 25. f4 Qe7 26. Qf2 Rf8 27. f5 Bc8 28. Nxb6
gxf5 29. d6 Qe8 30. Nxc8 Rxc8 31. Bc4+ Kh8 32. exf5 Qh5 33. Be6 Rcd8 34. Bxc5
Bh6 35. Be3 Bg5 36. Bxg5 Qxg5 37. Rd3 e4 38. Rg3 Qh6 39. Rxe4 Ne5 40. Qe3 Qxe3+
41. Rgxe3 Rxd6 42. Rc3 Rfd8 43. Rc7 Rd1+ 44. Kh2 R1d2 45. Rh4 Nf3+ 46. Kg3 Nxh4
47. Kxh4 Rxg2 48. b6 Rd4+ 49. Kh5 Rg5+ 50. Kh6 Rh4# 0-1

[Event "World Blitz Women 2017"]
[Site "Riyadh KSA"]
[Date "2017.12.29"]
[Round "10.19"]
[White "Ordaz Valdes, Lisandra Teresa"]
[Black "Zhukova, Natalia"]
[Result "0-1"]
[WhiteTitle "WGM"]
[BlackTitle "GM"]
[WhiteElo "2414"]
[BlackElo "2444"]
[WhiteFideId "3506940"]
[BlackFideId "14101513"]
[EventDate "2017.12.29"]

1. d4 Nf6 2. c4 c5 3. d5 b5 4. cxb5 a6 5. bxa6 g6 6. Nc3 Bg7 7. Nf3 O-O 8. g3 d6
9. Bg2 Nbd7 10. Rb1 Nb6 11. O-O Bf5 12. Ra1 Ne4 13. Nxe4 Bxe4 14. Ne1 Bxg2 15.
Nxg2 Rxa6 16. e4 Qa8 17. a3 Na4 18. Qc2 Rb8 19. Rb1 Rab6 20. Ne3 Nxb2 21. Bxb2
Rxb2 22. Rxb2 Rxb2 23. Qd3 Qb7 24. Nc4 Rb3 25. Qe2 Qb5 26. Rc1 Bd4 27. Rc2 h5
28. h4 Rxg3+ 29. Kh2 Rg4 30. Kh3 Qb1 0-1

[Event "World Blitz Women 2017"]
[Site "Riyadh KSA"]
[Date "2017.12.29"]
[Round "10.20"]
[White "Bulmaga, Irina"]
[Black "Huang, Qian"]
[Result "0-1"]
[WhiteTitle "IM"]
[BlackTitle "WGM"]
[WhiteElo "2427"]
[BlackElo "2438"]
[WhiteFideId "13903063"]
[BlackFideId "8602689"]
[EventDate "2017.12.29"]

1. e4 d5 2. exd5 Qxd5 3. Nc3 Qd8 4. Nf3 g6 5. d4 Bg7 6. Bc4 Nf6 7. O-O O-O 8.
Bg5 Bg4 9. h3 Bxf3 10. Qxf3 c6 11. Rad1 Nbd7 12. Rfe1 h6 13. Bf4 e6 14. Bb3 Kh7
15. Ne2 a5 16. c3 Nb6 17. Be5 Nfd5 18. Bxg7 Kxg7 19. Ng3 Qf6 20. Qg4 Qg5 21. Qf3
Qf6 22. Qg4 Qg5 23. Qe4 a4 24. Bc2 a3 25. h4 Qf6 26. Qg4 Kh8 27. h5 g5 28. bxa3
Nxc3 29. Rd3 Ncd5 30. Rf3 Qg7 31. Qe4 Rae8 32. a4 Nc4 33. Qd3 Nd6 34. a5 Ra8 35.
Qd2 Nc4 36. Qd3 Nd6 37. Qd2 Nc4 38. Qd3 Nd6 39. Qd2 Nf4 40. Rb3 Nc4 41. Qc3 Nd6
42. Re5 Nd5 43. Qd3 Nf4 44. Qd2 Nd5 45. a3 Nc4 46. Qd3 Nxe5 47. dxe5 Nf4 48. Qe4
Ra7 49. a4 Rxa5 50. Rxb7 Rxe5 51. Qxc6 Ne2+ 52. Nxe2 Rxe2 53. Bd3 Ra2 54. Qe4
Rd8 55. Rb1 Ra3 56. Bc2 Ra2 57. Kh2 Kg8 58. Rb7 Qf6 59. Qh7+ Kf8 60. Kg1 Ra1+
61. Kh2 Qf4+ 62. g3 Qxf2+ 63. Kh3 Rh1+ 64. Kg4 Qe2# 0-1

[Event "World Blitz Women 2017"]
[Site "Riyadh KSA"]
[Date "2017.12.29"]
[Round "10.21"]
[White "Sukandar, Irine Kharisma"]
[Black "Zawadzka, Jolanta"]
[Result "1-0"]
[WhiteTitle "IM"]
[BlackTitle "WGM"]
[WhiteElo "2384"]
[BlackElo "2424"]
[WhiteFideId "7101937"]
[BlackFideId "1122320"]
[EventDate "2017.12.29"]

1. e4 c5 2. Nf3 Nc6 3. Bb5 d6 4. O-O Bd7 5. Re1 Nf6 6. h3 e6 7. c3 Ne5 8. Bxd7+
Qxd7 9. d4 Nxf3+ 10. Qxf3 cxd4 11. cxd4 d5 12. Nc3 Bb4 13. exd5 Nxd5 14. Bd2 O-O
15. Re2 Nxc3 16. bxc3 Be7 17. Rb1 b6 18. Qg3 Rac8 19. h4 Rfd8 20. Rbe1 Bf6 21.
Re4 Qc7 22. Qf3 Qc6 23. h5 Be7 24. h6 g6 25. Qg3 Rd5 26. c4 Qxc4 27. Qe3 Bg5 28.
Qf3 Be7 29. g3 Qxa2 30. Qe2 Rf5 31. g4 1-0

[Event "World Blitz Women 2017"]
[Site "Riyadh KSA"]
[Date "2017.12.29"]
[Round "10.22"]
[White "Nguyen, Thi Mai Hung"]
[Black "Saduakassova, Dinara"]
[Result "1-0"]
[WhiteTitle "WGM"]
[BlackTitle "IM"]
[WhiteElo "2321"]
[BlackElo "2460"]
[WhiteFideId "12401676"]
[BlackFideId "13700090"]
[EventDate "2017.12.29"]

1. d4 Nf6 2. Nf3 b6 3. Bf4 Bb7 4. e3 g6 5. Bd3 Bg7 6. O-O d6 7. h3 O-O 8. Nbd2
Nbd7 9. e4 Qe8 10. e5 Nd5 11. Bh2 dxe5 12. Nxe5 Nxe5 13. Bxe5 Qd7 14. Bxg7 Kxg7
15. Be4 c6 16. c3 Nf6 17. Bf3 Rad8 18. Nc4 Qc7 19. Re1 c5 20. Bxb7 Qxb7 21. Ne5
cxd4 22. cxd4 e6 23. Qa4 Rc8 24. Rac1 Rfd8 25. Nc6 Rd7 26. Ne5 Rdc7 27. Rxc7
Rxc7 28. Re2 Nd5 29. Rc2 Nf4 30. f3 Rxc2 31. Qxc2 Qd5 32. Qc7 Qxd4+ 33. Kh2 Qxb2
34. Qxf7+ Kh8 35. Qf8# 1-0

[Event "World Blitz Women 2017"]
[Site "Riyadh KSA"]
[Date "2017.12.29"]
[Round "10.23"]
[White "Harika, Dronavalli"]
[Black "Vijayalakshmi, Subbaraman"]
[Result "1-0"]
[WhiteTitle "GM"]
[BlackTitle "IM"]
[WhiteElo "2504"]
[BlackElo "2357"]
[WhiteFideId "5015197"]
[BlackFideId "5004098"]
[EventDate "2017.12.29"]

1. c4 Nf6 2. Nc3 g6 3. g3 Bg7 4. Bg2 O-O 5. e4 d6 6. Nge2 c5 7. O-O Nc6 8. d3 a6
9. h3 Rb8 10. a4 Ne8 11. Be3 Nc7 12. d4 cxd4 13. Nxd4 Ne6 14. Nde2 Ne5 15. b3
Bd7 16. f4 Nc6 17. Kh2 Nb4 18. Rc1 Nc5 19. Bxc5 dxc5 20. e5 Bc6 21. Nd5 e6 22.
Nxb4 Bxg2 23. Kxg2 cxb4 24. Qd4 Qc7 25. Qe4 Rfd8 26. Rcd1 Bf8 27. g4 Bc5 28. Ng3
Qc6 29. Qxc6 bxc6 30. Ne4 Bd4 31. Rd3 Bb2 32. Rfd1 Rxd3 33. Rxd3 a5 34. Kf3 Kf8
35. Rd6 Rc8 36. Rd7 Kg7 37. g5 c5 38. Nd6 Rf8 39. Nb7 Bd4 40. Nxa5 h6 41. h4
hxg5 42. hxg5 Rh8 43. Nc6 Rh3+ 44. Kg2 Rxb3 45. Nd8 Rb2+ 46. Kf3 Rb3+ 47. Kg2
Rb2+ 48. Kf1 Rf2+ 49. Ke1 Rxf4 50. Nxe6+ Kg8 51. Nxf4 b3 52. Nd3 b2 53. Rb7 Bc3+
54. Ke2 Kf8 55. Nxb2 Bxe5 56. Nd3 Bd4 57. a5 1-0